header

Levinas and the ancients (Record no. 5509)

MARC details
000 -LEADER
fixed length control field 02576nam a2200385 a 4500
001 - CONTROL NUMBER
control field ebr10276612
003 - CONTROL NUMBER IDENTIFIER
control field CaPaEBR
006 - FIXED-LENGTH DATA ELEMENTS--ADDITIONAL MATERIAL CHARACTERISTICS--GENERAL INFORMATION
fixed length control field m u
007 - PHYSICAL DESCRIPTION FIXED FIELD--GENERAL INFORMATION
fixed length control field cr cn|||||||||
008 - FIXED-LENGTH DATA ELEMENTS--GENERAL INFORMATION
fixed length control field 080108s2008 inu sb 001 0 eng
010 ## - LIBRARY OF CONGRESS CONTROL NUMBER
Canceled/invalid LC control number 2008000606
020 ## - INTERNATIONAL STANDARD BOOK NUMBER
Cancelled/invalid ISBN 9780253351807 (cloth : alk. paper)
Cancelled/invalid ISBN 0253351804 (cloth : alk. paper)
Cancelled/invalid ISBN 9780253219985 (pbk. : alk. paper)
Cancelled/invalid ISBN 0253219981 (pbk. : alk. paper)
040 ## - CATALOGING SOURCE
Original cataloging agency CaPaEBR
Transcribing agency CaPaEBR
035 ## - SYSTEM CONTROL NUMBER
System control number (OCoLC)567909397
050 14 - LIBRARY OF CONGRESS CALL NUMBER
Classification number B2430.L484
Item number L475 2008eb
082 04 - DEWEY DECIMAL CLASSIFICATION NUMBER
Classification number 194
Edition number 22
245 00 - TITLE STATEMENT
Title Levinas and the ancients
Medium [electronic resource] /
Statement of responsibility, etc edited by Brian Schroeder and Silvia Benso ; with a foreword by Adriaan Peperzak.
260 ## - PUBLICATION, DISTRIBUTION, ETC. (IMPRINT)
Place of publication, distribution, etc Bloomington :
Name of publisher, distributor, etc Indiana University Press,
Date of publication, distribution, etc c2008.
300 ## - PHYSICAL DESCRIPTION
Extent xvi, 254 p.
490 1# - SERIES STATEMENT
Series statement Studies in Continental thought
504 ## - BIBLIOGRAPHY, ETC. NOTE
Bibliography, etc Includes bibliographical references and index.
505 0# - FORMATTED CONTENTS NOTE
Formatted contents note The breathing of the air : presocratic echoes in Levinas / Silvia Benso -- The eternal and the new : Socrates and Levinas on desire and need / Deborah Achtenberg -- Levinas questioning Plato on eros and maieutics / Francisco J. Gonzalez -- Getting under the skin : Platonic myths in Levinas / Tanja St�ahler -- Lending assistance always to itself : Levinas' infinite conversation with Platonic dialogue / Michael Naas -- Ethics as first philosophy : Aristotelian reflections on intelligence, sensibility, and transcendence / Claudia Baracchi -- Aristotle and Levinas on war and peace : the one against the other / Catriona Hanley -- Stoic ethics and totality in light of Levinasian alterity / Julie Piering -- Of a non-saying that says nothing : Levinas and Pyrrhonism / Pierre Lamarche -- The time and language of messianism : Levinas and Saint Paul / Bettina Bergo -- Proximity in distance : Levinas and Plotinus / John Izzi -- A trace of the eternal return? Levinas and Neoplatonism / Brian Schroeder -- Ethics and predestination in Augustine and Levinas / Thomas J.J. Altizer.
533 ## - REPRODUCTION NOTE
Type of reproduction Electronic reproduction.
Place of reproduction Palo Alto, Calif. :
Agency responsible for reproduction ebrary,
Date of reproduction 2013.
Note about reproduction Available via World Wide Web.
-- Access may be limited to ebrary affiliated libraries.
600 10 - SUBJECT ADDED ENTRY--PERSONAL NAME
Personal name L�evinas, Emmanuel.
650 #0 - SUBJECT ADDED ENTRY--TOPICAL TERM
Topical term or geographic name as entry element Philosophy, Ancient
General subdivision Influence.
655 #7 - INDEX TERM--GENRE/FORM
Genre/form data or focus term Electronic books.
Source of term local
700 0# - ADDED ENTRY--PERSONAL NAME
Personal name Pushead.
Personal name Benso, Silvia.
710 2# - ADDED ENTRY--CORPORATE NAME
Corporate name or jurisdiction name as entry element ebrary, Inc.
830 #0 - SERIES ADDED ENTRY--UNIFORM TITLE
Uniform title Studies in Continental thought.
856 40 - ELECTRONIC LOCATION AND ACCESS
Uniform Resource Identifier <a href="http://site.ebrary.com/lib/rucke/Doc?id=10276612">http://site.ebrary.com/lib/rucke/Doc?id=10276612</a>
Public note An electronic book accessible through the World Wide Web; click to view

No items available.

© 2026 Rongo University
Contact us: librarian | system librarian | Rongo university